Basic civil engineering

The book covers the civil engineering on 11 chapters: Civil engineering and materials, Foundation, Superstructure, Simple stresses and strains, Geometric properties of sections, Dams, Bridges, Surveying, Roads, Environmental engineering, Railways, Airports, Docks and harbours, Tall structures

Bewaard in:
Bibliografische gegevens
Hoofdauteur: M. S. PALANICHAMY
Formaat: Boek
Taal:Undetermined
Gepubliceerd in: New Delhi Tata McGraw-Hill 2000
Onderwerpen:
Tags: Voeg label toe
Geen labels, Wees de eerste die dit record labelt!
Thư viện lưu trữ: Trung tâm Học liệu Trường Đại học Cần Thơ
LEADER 00757nam a2200181Ia 4500
001 CTU_49565
008 210402s9999 xx 000 0 und d
082 |a 624 
082 |b P154 
100 |a M. S. PALANICHAMY 
245 0 |a Basic civil engineering 
245 0 |c M. S. PALANICHAMY 
260 |a New Delhi 
260 |b Tata McGraw-Hill 
260 |c 2000 
520 |a The book covers the civil engineering on 11 chapters: Civil engineering and materials, Foundation, Superstructure, Simple stresses and strains, Geometric properties of sections, Dams, Bridges, Surveying, Roads, Environmental engineering, Railways, Airports, Docks and harbours, Tall structures 
650 |a civil engineering 
980 |a Trung tâm Học liệu Trường Đại học Cần Thơ